[Event "WCh-Junior Girls"]
[Site "Gaziantep TUR"]
[Date "2008.08.14"]
[Round "12"]
[White "Klimets,E"]
[Black "Chierici,M"]
[Result "1/2-1/2"]
[WhiteElo "2150"]
[BlackElo "2037"]
[EventDate "2008.08.03"]

1. e4 c5 2. Nf3 Nc6 3. Bb5 d6 4. Bxc6+ bxc6 5. d4 cxd4 6. Qxd4 e5 7. Qd3
Be7 8. c4 Nf6 9. Nc3 O-O 10. O-O Rb8 11. b3 Qc7 12. Rd1 Rd8 13. Bg5 h6 14.
Bh4 Be6 15. Rac1 Nh5 16. Nd5 cxd5 17. cxd5 Qd7 18. dxe6 Qxe6 19. Bxe7 Qxe7
20. g3 Nf6 21. Qe2 Rb4 22. Rc4 Qb7 23. Nxe5 Rxc4 24. Qxc4 Rc8 25. Qxf7+
Qxf7 26. Nxf7 Kxf7 27. Rxd6 Nxe4 28. Rd7+ Kf6 29. Rxa7 Rc2 30. Ra4 Nc3 31.
Ra6+ Kf5 32. a4 Kg4 33. Kg2 Ne4 34. Rg6+ Kf5 35. Rxg7 Rxf2+ 36. Kg1 Rb2 37.
Rf7+ Kg5 38. Rf4 Nc5 39. Rc4 Nd3 40. Rc3 Ne5 41. h3 Kf5 42. Re3 Nc6 43.
Rf3+ Ke4 44. Rf2 Rxb3 45. Kg2 Nd4 46. Ra2 Nf5 47. g4 Nh4+ 48. Kh2 Nf3+ 49.
Kg2 Ng5 50. a5 Nxh3 51. Ra4+ Ke5 52. a6 Nf4+ 53. Kf2 Rb2+ 54. Kg3 Rb3+ 55.
Kf2 Rb8 56. a7 Ra8 57. Ra5+ Ke6 58. Ra6+ Ke5 59. Ra5+ Ke6 60. Ra6+ 1/2-1/2

[Event "WCh-Junior Girls"]
[Site "Gaziantep TUR"]
[Date "2008.08.14"]
[Round "12"]
[White "Eric,J"]
[Black "Bayrak,A"]
[Result "1-0"]
[WhiteElo "2111"]
[BlackElo "2013"]
[EventDate "2008.08.03"]

1. e4 e6 2. d4 d5 3. Nd2 Nf6 4. e5 Nfd7 5. Bd3 c5 6. c3 Nc6 7. Ne2 cxd4 8.
cxd4 f6 9. exf6 Qxf6 10. Nf3 Bb4+ 11. Bd2 Bxd2+ 12. Qxd2 O-O 13. O-O e5 14.
dxe5 Ndxe5 15. Nxe5 Qxe5 16. Rae1 Qf6 17. Nc3 Be6 18. Nb5 Rad8 19. Nc7 Bf7
20. Nb5 d4 21. a4 a6 22. Na3 Ne5 23. Be4 b5 24. axb5 axb5 25. f4 Ng4 26.
Rf3 Ne3 27. Nxb5 Qb6 28. Na3 Rfe8 29. Bb1 Bd5 30. Rf2 Ng4 31. Ref1 Nxf2 32.
Qxf2 Rb8 33. Nc2 d3 34. Nd4 d2 35. Qxd2 Qxb2 36. Bc2 Qb4 37. Qf2 Qf8 38.
Qh4 g6 39. f5 Qe7 40. Qxe7 Rxe7 41. fxg6 hxg6 42. Bxg6 Rg7 43. Nf5 Rxg6 44.
Ne7+ Kg7 45. Nxd5 Rb2 46. Nf4 Rc6 47. h4 Rc3 48. Kh2 Kh6 49. Nd5 Ra3 50.
Rf8 Rd2 51. Ne7 Re2 52. Nf5+ Kh7 53. Ng3 Rc2 54. Nh5 Raa2 55. Nf4 Ra3 56.
Rf7+ Kh6 57. Rf6+ Kg7 58. Rg6+ Kf7 59. h5 Rf3 60. Ne6 Re3 61. Ng5+ Ke8 62.
h6 Re7 63. Kh3 Ra2 64. g3 Ra4 65. Re6 1-0

[Event "WCh-Junior Girls"]
[Site "Gaziantep TUR"]
[Date "2008.08.14"]
[Round "12"]
[White "Karayaylali,P"]
[Black "Albano Jeremias,B"]
[Result "0-1"]
[WhiteElo "1597"]
[BlackElo "1990"]
[EventDate "2008.08.03"]

1. e4 e6 2. d4 d5 3. Nc3 Nf6 4. e5 Nfd7 5. Nce2 c5 6. c3 Nc6 7. f4 Qb6 8.
Nf3 cxd4 9. cxd4 Bb4+ 10. Bd2 f6 11. Bxb4 Qxb4+ 12. Qd2 Qe7 13. Nc3 a6 14.
Rc1 O-O 15. h4 Nb6 16. a3 Na5 17. Nxd5 Nxd5 18. Qxa5 Nxf4 19. Qc7 Qe8 20.
Qc2 Bd7 21. Qd2 fxe5 22. Nxe5 Bb5 23. Bxb5 Qxb5 24. Rc5 Qb3 25. Rc3 Qd5 26.
Rg1 Qe4+ 27. Re3 Qb1+ 28. Qd1 Nxg2+ 0-1

[Event "WCh-Junior Girls"]
[Site "Gaziantep TUR"]
[Date "2008.08.14"]
[Round "12"]
[White "Efroimski,M"]
[Black "Toth,Sar"]
[Result "0-1"]
[WhiteElo "2091"]
[BlackElo "2151"]
[EventDate "2008.08.03"]

1. e4 c5 2. Nf3 e6 3. d4 cxd4 4. Nxd4 a6 5. Nc3 Qc7 6. Bd3 Bc5 7. Be3 Nf6
8. O-O d6 9. h3 b5 10. a3 Bb7 11. Qe1 O-O 12. Kh1 Qb6 13. Nf3 Bxe3 14. fxe3
Nbd7 15. Qg3 Rac8 16. Nd2 Qc5 17. Rad1 Qe5 18. Qe1 Nc5 19. Rf4 Ncd7 20. Nf3
Qc5 21. Qh4 e5 22. Rf5 Qxe3 23. Nd5 Bxd5 24. exd5 h6 25. Re1 Qc5 26. b4
Qxd5 27. g4 Qb7 28. g5 hxg5 29. Qxg5 e4 30. Rg1 Ne8 31. Qh4 exd3 32. Kh2
Rxc2+ 33. Kg3 Ndf6 34. Qg5 Ne4+ 0-1

[Event "WCh-Junior Girls"]
[Site "Gaziantep TUR"]
[Date "2008.08.14"]
[Round "12"]
[White "Ikonomopoulou,M"]
[Black "Bukovec,T"]
[Result "1-0"]
[WhiteElo "2074"]
[BlackElo "1929"]
[EventDate "2008.08.03"]

1. e4 c5 2. Nf3 Nc6 3. Bb5 g6 4. O-O Bg7 5. c3 e5 6. d4 cxd4 7. cxd4 Nxd4
8. Nxd4 exd4 9. Bf4 Ne7 10. Nd2 O-O 11. Bd6 Re8 12. Qb3 Nc6 13. f4 Na5 14.
Qd5 a6 15. Bc4 Nxc4 16. Nxc4 Qf6 17. Nb6 Rb8 18. e5 Qe6 19. Qxe6 Rxe6 20.
Rac1 Bf8 21. Bxb8 Rxb6 22. Rxc8 1-0

[Event "WCh-Junior Girls"]
[Site "Gaziantep TUR"]
[Date "2008.08.14"]
[Round "12"]
[White "Anton,S"]
[Black "Kaya,Sen"]
[Result "0-1"]
[WhiteElo "1681"]
[BlackElo "1529"]
[EventDate "2008.08.03"]

1. e4 c5 2. Nf3 e6 3. d4 cxd4 4. Nxd4 Nf6 5. Nc3 Bb4 6. Bd3 Nc6 7. Nb3 d5
8. Bd2 Bxc3 9. Bxc3 dxe4 10. Be2 Qe7 11. a3 O-O 12. O-O Rd8 13. Qc1 Nd5 14.
Bd2 e5 15. Re1 Nd4 16. Nxd4 exd4 17. Bf3 f5 18. g3 Be6 19. Bg2 Rac8 20. Bg5
Nf6 21. Qd2 h6 22. Bxf6 Qxf6 23. Rac1 Rd7 24. Red1 Bf7 25. c3 d3 26. Qe3
Bb3 27. Rd2 b6 28. f3 Re7 29. fxe4 fxe4 30. Re1 Rce8 31. Rf1 Qd6 32. Re1
Qc5 33. Kf2 Rf8+ 34. Kg1 Rfe8 35. Kf2 Bd5 36. Qxc5 bxc5 37. Ke3 g5 38. g4
Kg7 39. Rf1 Rf8 40. Re1 Rf4 41. h3 Ref7 42. Rc1 Rf3+ 0-1